00694 2200253 4500001002100000005001500021035002000036007000300056008004100059020002200100082001100122084001700133100001800150245009500168250001000263260003700273300003200310650001100342700001700353700002100370504002700391990001100418990001100429INLIS00000000000293120190119111801 a0010-0119000283ta190119 a 0 ind  a978-602-61225-8-2 a398.21 a398.21 TAN c0 aTANTY, Arisha1 aCerita Anak Nusantara Terpopuler /cTanty Arisha; penyunting, Tin Zulaeha, Anggita Linggar acet.1 aSurakarta :bVisi Mandiri,c2017 a110 hlm. :bilus. ;c24 cm. aFOKLOR0 aTIN, Zulaeha0 aANGGITA, Linggar aBibliografi : hlm. 110 a6420 a a6420 b